000 00510 a2200145 4500
082 _aBEE-5
100 _aAneeba Masood
_992957
245 _a0.8 to 3.0 GHz antenna for general purpose applications
_cAneeba Masood
260 _aIslamabad
_bNUST-SEECS
_c2012
300 _aPages various
_b;ill.
_c;27cm.+
_eCD ROM
500 _aSupervisors: Dr. Tauseef Tauqeer, Dr. Munir Tarar
700 _aRahma Shaukat Gill
_992958
856 _uhttp://10.250.8.41:8080/xmlui/handle/123456789/9238
942 _cPR
_kBEE-5 ANE
_2ddc
999 _c11301
_d11301